Poissons et fruits de mer - Qui en consomme le plus ? - Statistiques

Statistiques générales
  • Ce quiz a été pris 21 fois
    15 depuis la dernière actualisation
  • Le résultat moyen est 12 sur 24
Statistiques - réponses
Pays kg/an/hab % Correct
16 Chine Asie de l'Est 42
100%
4 Corée du Sud Asie de l'Est 56
92%
1 Islande Europe du Nord 85
92%
9 Norvège Europe du Nord 50
92%
12 Japon Asie de l'Est 45
85%
24 France Europe de l'Ouest 33
77%
21 Espagne Europe du Sud 40
69%
17 Indonésie Asie du Sud 41
69%
7 Portugal Europe du Sud 54
69%
19 Vietnam Asie du Sud 40
62%
6 Antigua Antilles 55
46%
8 Malaisie Asie du Sud 51
46%
15 Barbade Antilles 43
38%
11 Iles Marshall Océanie 46
38%
23 Sainte Lucie Antilles 34
38%
13 Samoa Océanie 45
38%
20 Cambodge Asie du Sud 40
31%
3 Kiribati Océanie 73
31%
5 Tuvalu Océanie 55
31%
10 Micronésie Océanie 49
23%
2 Maldives Asie du Sud 80
15%
22 Saint-Christophe-et-Niévès Antilles 36
15%
14 Seychelles Afrique de l'Est 44
15%
18 Myanmar Asie du Sud 41
0%
Aucun quiz correspondant
Distribution des résultats
% des personnes avec chaque résultat
Percentile par nombre de réponses
Votre historique - résultats
Vous n’avez pas pris ce quiz depuis la dernière actualisation